000 00400cam a2200157ua 4500
041 _aeng
_h
082 _a632.7
_bRIC/GE
100 _aRichards, O W .
245 _aGeneral text book of entomology /
_cO W Richards.
_hTextual Documents
260 _aLondon :
_bMethuen and Co. Ltd ,
_c1957.
300 _a886 ; .
504 _a
700 1 _aDavies, R G .
942 _cBK
999 _c10787
_d10787